000 00841nam a2200277Ia 4500
005 20250425162245.0
008 250425s9999 xx 000 0 und d
020 _a997844615X
041 _aspa
043 _aec
082 _a333.765
_pMAR
100 _aMartins, Luis, ed.
245 0 _aEl patrimonio geominero en el contexto de la ordenación territorial
_ceditado por Luis Martins y Paúl Carrión
250 _aPrimera edición
260 _aGuayaquil
_bESPOL
_c2005
300 _a467 páginas
_bilustraciones
_c20 cm.
504 _aIncluye bibliografía
650 _aMineralogía - Desarrollo Sostenible
650 _aMineralogía - Estudio de casos
650 _aPatrimonio Geominero - Zaruma
650 _aRecursos mineros
700 _aCarrión, Paúl, ed.
902 _cImpreso
942 _c01
010 _a58944
999 _c225545
_d225545